Jääkiekon Suomi-sarjan mestarit - Statistics

Yleistilastot
  • Tätä visaa on pelattu 136 kertaa
    97 viimeisimmän päivityksen jälkeen
  • Keskiarvotulos 8 / 19
Vastaustilastot
Vuosi Mestari % Oikein
2002 Hokki
60%
2009 Ketterä
60%
2017 Ketterä
60%
2000 Jukurit
57%
2011 RoKi
49%
2013 RoKi
49%
2003 SaPko
48%
2012 KeuPa HT
47%
2014 KeuPa HT
47%
2001 KalPa
45%
2004 Jokipojat
44%
2015 Jokipojat
44%
2016 IPK
41%
2018 JHT Kalajoki
30%
2010 Kiekko-Laser
29%
2007 Titaanit
26%
2006 HeKi
19%
2008 D-Kiekko
17%
2005 SHT
7%
Ehtoja vastaavia visoja ei löytynyt
Tulosjakauma
Jokaisen tuloksen saaneiden osuus
Persentiili vastausten määrän mukaan
Tuloshistoriasi
Et ole pelannut tätä visaa sen viimeisimmän päivityksen jälkeen